|
|
|
|
| LEADER |
00735cam a2200217 7i4500 |
| 001 |
0000002267 |
| 005 |
20170320090000.0 |
| 020 |
|
|
|a 0761968067 (pbk.)
|
| 020 |
|
|
|a 9780761967061 (pbk.)
|
| 090 |
0 |
0 |
|a H62
|b .T76 2001
|
| 100 |
0 |
|
|a Travers, Max
|
| 245 |
1 |
0 |
|a Qualitative research through case studies
|c Max Travers.
|
| 260 |
|
|
|a London:
|b SAGE Pub.,
|c 2001.
|
| 300 |
|
|
|a x, 196 p.:
|b ill.;
|c 24 cm.
|
| 490 |
0 |
|
|a Introducing qualitative methods
|
| 650 |
0 |
0 |
|a Case method
|
| 650 |
0 |
0 |
|a Qualitative research
|
| 650 |
0 |
0 |
|a Social sciences --
|x Research
|
| 997 |
|
|
|a Education & Social Sciences, Faculty
|b Social Sciences, Department
|
| 998 |
|
|
|a Industrial Psychology, Degree
|
| 999 |
|
|
|a 0000010942
|b BOK
|c OPEN SHELF
|e 1st Floor, Bestari Jaya
|